000 00738nam a22002417a 4500
003 UA-OsUOA
001 45480
007 ta
008 20111012b un ||||| |||| 00| 0 ukr d
100 _aЩерба Л.В.
090 _a81
_bЩ61
942 _cBK
040 _aUA-OsUOA
_brus
_cUA-OsUOA
_dUA-OsUOA
245 _aТеория русскаго письма
300 _a133 с.
955 _a4
041 _arus
080 _a81
260 _aЛенинград
_bНаука
_c1983
650 7 _a8 Мовознавство. Художня література. Літературознавство
_2UDC
999 _c425590
_d425590